LEADER 00890nam0-2200301---450- 001 990009281570403321 005 20101118094519.0 035 $a000928157 035 $aFED01000928157 035 $a(Aleph)000928157FED01 035 $a000928157 100 $a20101118d2009----km-y0itay50------ba 101 0 $aita 102 $aIT 105 $ay-------001yy 200 1 $aBollettino Europeo Lavoro$elegislazione, atti comunitari e giurisprudenza$fa cura di Roberto Cosio 210 $aMilano$cIPSOA$d2009 215 $aVII, 129 p.$d24 cm 300 $aSupplemento a Diritto & Pratica del lavoro n. 22 del 6 giugno 2009 676 $a344.401$v21$zita 702 1$aCosio,$bRoberto 801 0$aIT$bUNINA$gRICA$2UNIMARC 901 $aBK 912 $a990009281570403321 952 $aVII L 16$b52347*$fFGBC 959 $aFGBC 996 $aBollettino Europeo Lavoro$9769377 997 $aUNINA LEADER 01263nam a2200373 i 4500 001 991002311189707536 005 20020508194051.0 008 990219s1998 us ||| | eng 020 $a0674995376 035 $ab10990264-39ule_inst 035 $aPARLA159430$9ExL 040 $aDip.to Scienze dell'Antichità$bita 041 0 $aeng$agrc$hgrc 082 0 $a880.01 100 0 $aAristophanes$0602827 240 10$aNubes$93090846 240 10$aVespae$917941 240 10$aPax$917942 245 10$aClouds; Wasps ; Peace /$cAristophanes ; edited with translated by Jeffrey Henderson 260 $aCambridge, Mass ; London :$bHarvard University Press,$c1998 300 $a606 p. ;$c17 cm. 440 4$aThe Loeb classical library [Autori greci] ;$v488 490 0 $aAristophanes ;$v2 490 0 $aAristophanes ;$v2 500 $aTesto greco a fronte. 700 1 $aHenderson, Jeffrey 907 $a.b10990264$b23-02-17$c28-06-02 912 $a991002311189707536 945 $aLE007 LOEB Aristophanes 02$g1$i2015000031112$lle007$o-$pE0.00$q-$rn$so $t0$u0$v0$w0$x0$y.i11104806$z28-06-02 996 $aPax$917942 996 $aVespae$917941 996 $aNubes$93090846 997 $aUNISALENTO 998 $ale007$b01-01-99$cm$da $e-$feng$gus $h0$i1